| 000 | 00711nam a2200229 u 4500 | ||
|---|---|---|---|
| 005 | 20241003063714.0 | ||
| 008 | 190130s2014 r 000 0 eng d | ||
| 020 | _a9788436831337 | ||
| 035 | _aUPN01000228721 | ||
| 049 | _aCG | ||
| 050 | 4 |
_aBF637 C4.5 _bA8.6 |
|
| 245 | 0 | 0 |
_aAspectos psicosociales de la comunicación / _ccoord. Roberto Martínez-Pecino. |
| 260 |
_aMadrid : _bPirámide, _c2014. |
||
| 300 |
_a218 p. : _bil., tablas |
||
| 440 | 0 | _aPsicología | |
| 650 | 4 |
_aCOMUNICACION - _xASPECTOS PSICOLOGICOS _99543 |
|
| 650 | 4 |
_aCOMUNICACION Y TECNOLOGIA _96347 |
|
| 650 | 4 |
_aComunicación interpersonal _96549 |
|
| 700 | 1 |
_aMartínez-Pecino, Roberto, _dcoord. |
|
| 905 | _aLibro | ||
| 999 |
_c200816 _d200816 |
||